Digital Signal Processing (Record no. 3811)
[ view plain ]
| 000 -LEADER | |
|---|---|
| fixed length control field | 00356nam a2200145Ia 4500 |
| 008 - FIXED-LENGTH DATA ELEMENTS--GENERAL INFORMATION | |
| fixed length control field | 191201s2010 xx 000 0 und d |
| 082 ## - DEWEY DECIMAL CLASSIFICATION NUMBER | |
| Classification number | 621.3822 |
| Item number | PRD |
| 100 ## - MAIN ENTRY--PERSONAL NAME | |
| Personal name | Proakis, John G |
| 245 #0 - TITLE STATEMENT | |
| Title | Digital Signal Processing |
| 250 ## - EDITION STATEMENT | |
| Edition statement | Rep. |
| 260 ## - PUBLICATION, DISTRIBUTION, ETC. (IMPRINT) | |
| Place of publication, distribution, etc | N.Delhi |
| Name of publisher, distributor, etc | Pearson Education |
| Date of publication, distribution, etc | 2010 |
| 300 ## - PHYSICAL DESCRIPTION | |
| Extent | 1136 |
| 650 ## - SUBJECT ADDED ENTRY--TOPICAL TERM | |
| Topical term or geographic name as entry element | B.Tech(ECE) |
| 942 ## - ADDED ENTRY ELEMENTS (KOHA) | |
| Source of classification or shelving scheme | Dewey Decimal Classification |
| Koha item type | Text Books |
| 942 ## - ADDED ENTRY ELEMENTS (KOHA) | |
| -- | 5 |
| Withdrawn status | Lost status | Source of classification or shelving scheme | Damaged status | Not for loan | Collection code | Home library | Current library | Date acquired | Source of acquisition | Cost, normal purchase price | Bill Number | Total Checkouts | Full call number | Acc. no. / Barcode | Date last seen | Date last borrowed | Bill Date | Koha item type | Checked out |
|---|---|---|---|---|---|---|---|---|---|---|---|---|---|---|---|---|---|---|---|
| Dewey Decimal Classification | B.Tech(ECE) | PIET C-LIBRARY | PIET C-LIBRARY | 25/02/2009 | J B C, New Delhi | 450.00 | SI-5590 | 2 | 621.3822 PRD | 11345 | 29/12/2021 | 27/12/2021 | 06/02/2009 | Text Books | |||||
| Dewey Decimal Classification | B.Tech(ECE) | PIET C-LIBRARY | PIET C-LIBRARY | 25/02/2009 | J B C, New Delhi | 450.00 | SI-5590 | 1 | 621.3822 PRD | 11346 | 12/03/2020 | 24/02/2020 | 06/02/2009 | Text Books | |||||
| Dewey Decimal Classification | B.Tech(ECE) | PIET C-LIBRARY | PIET C-LIBRARY | 25/02/2009 | J B C, New Delhi | 450.00 | SI-5590 | 1 | 621.3822 PRD | 11347 | 08/01/2021 | 07/10/2020 | 06/02/2009 | Text Books | |||||
| Dewey Decimal Classification | B.Tech(ECE) | PIET C-LIBRARY | PIET C-LIBRARY | 25/02/2009 | J B C, New Delhi | 450.00 | SI-5590 | 1 | 621.3822 PRD | 11348 | 27/10/2020 | 27/10/2020 | 06/02/2009 | Text Books | 10/11/2020 | ||||
| Dewey Decimal Classification | B.Tech(ECE) | PIET C-LIBRARY | PIET C-LIBRARY | 25/02/2009 | J B C, New Delhi | 450.00 | SI-5590 | 1 | 621.3822 PRD | 11349 | 01/01/2024 | 20/12/2023 | 06/02/2009 | Text Books |